00802nam a22002057a 450000500170000001000150001702000260003203500140005803700090007208200110008110000320009224500910012425000060021526000420022127001140026330000200037794200250039799900190042295201550044120240925150833.0 aENG-141777 a9789356845329c350.00 aEN-125309 bDBAD a954.05 aPratap Narayan Singh971958 aThe Helios of the Aravalis:cBy Pratap Narayan SinghbAn Epic Tale of Maharana Pratap/ a1 aNew DelhibDiamond Pocket Booksc2024 aX- 30, Okhla Industrial Area, Phase-IIbNew Delhie110020mwecare@diamondbooks.ink011-40712100k011-41611861 a320p.c22cm(pb) 2ddccENh954.05mPRA c205889d205889 001040708NFICaVPbVPd2024-09-25eDelivery of Books Act Divisiong350.00l0o954.05 PRApEN-125309r2024-09-25 00:00:00t1v350.00w2024-09-25yEN